00317nam a2200121Ia 4500008004100000041000800041082001400049100001900063245004000082260003300122300002900155365001100184240624s9999 xx 000 0 und d aeng a158.7 SUB aSUBBULAKSHMI V aEMOTIONAL INTELLIGENCE AT WORKPLACE c2005aHyderabadbICFAI press ax, : 195 : p. : cm. ; 23 cRSb50